Diccionario alemán-español
שמור ב:
| מחבר ראשי: | |
|---|---|
| פורמט: | ספר |
| שפה: | ספרדית גרמנית |
| יצא לאור: |
Barcelona
Ramón Sopena
1961
|
| נושאים: | |
| תגים: |
הוספת תג
אין תגיות, היה/י הראשונ/ה לתייג את הרשומה!
|
MARC
| LEADER | 00000nam a2200000 a 4500 | ||
|---|---|---|---|
| 001 | UCS0889 | ||
| 003 | CL-VaPUC | ||
| 008 | 970428e19610000SP |||||||||||||||||spa|d | ||
| 041 | 0 | 7 | |a spa |2 CL-VaPUC |
| 041 | 0 | 7 | |a ger |2 CL-VaPUC |
| 082 | 0 | 4 | |a 433.61 |b MAR |2 21 |
| 100 | |a Martínez Amador, Emilio María |e autor |9 557086 | ||
| 245 | 1 | 0 | |a Diccionario alemán-español |
| 300 | |a 1224 p | ||
| 942 | |c BK | ||
| 945 | |d 19970428 00:00:00 |a rleighto | ||
| 260 | |a Barcelona |b Ramón Sopena |c 1961 | ||
| 650 | 0 | |a Diccionarios |9 256200 | |
| 650 | 0 | |a Alemán |9 330722 | |
| 650 | 0 | |a Español |9 255372 | |
| 583 | |a last modification |c 19970428 00:00:00 |k Rodrigo Vera | ||
| 999 | |c 259028 |d 259026 | ||
| 952 | |0 0 |1 0 |4 0 |6 433_610000000000000_MAR_1961 |7 0 |8 F |9 283545 |a BIBMAT |b BIBMAT |d 2019-11-19 |i 3302466 |o 433.61 MAR 1961 |p 3302466 |r 2025-01-07 |w 2019-11-19 |y BK_F |k MAT | ||